[Event "ch-RUS Rapid"]
[Site "Olginka RUS"]
[Date "2011.04.26"]
[Round "7"]
[White "Grachev, Boris"]
[Black "Pridorozhni, Aleksei"]
[Result "1/2-1/2"]
[WhiteTitle "GM"]
[BlackTitle "GM"]
[WhiteElo "2675"]
[BlackElo "2542"]
[WhiteFideId "4129199"]
[BlackFideId "4127870"]
[EventDate "2011.04.25"]

1. d4 a6 2. e4 b5 3. Bd3 Bb7 4. Nf3 e6 5. O-O Nf6 6. Qe2 d5 7. e5 Nfd7 8. c3 c5
9. a3 c4 10. Bc2 Be7 11. Re1 Nc6 12. Nbd2 a5 13. Nf1 Nb6 14. Ng3 h5 15. Bd2 Kd7
16. Qe3 h4 17. Nf1 b4 18. axb4 axb4 19. b3 bxc3 20. Bxc3 Nb4 21. Qd2 Nxc2 22.
Qxc2 Qc8 23. Ne3 Qc6 24. h3 Rxa1 25. Rxa1 Rc8 26. bxc4 Nxc4 27. Nxc4 Qxc4 28.
Qb1 Qxc3 29. Qxb7+ Rc7 30. Qb5+ Qc6 31. Qb8 Rc8 32. Qb1 g6 33. Qd3 Qc3 34. Qb5+
Qc6 35. Qd3 Qc3 36. Qb5+ Qc6 37. Qe2 Ke8 38. Qe3 Qc3 39. Qxc3 Rxc3 40. Kf1 Kf8
41. Ke2 Rb3 42. Ra2 Kg7 43. Nd2 Rb7 44. Rc2 Bg5 45. Nf3 Be7 46. Ke3 g5 47. Rc3
Ra7 48. Nh2 Kg6 49. Ng4 Ra3 50. Rxa3 Bxa3 51. Kd3 Kf5 52. g3 Bc1 53. Nh2 Ba3 54.
Ke3 Bc1+ 55. Kf3 Bb2 56. g4+ Kg6 57. Ke3 Bc1+ 58. Kd3 f6 59. exf6 Kxf6 60. Nf3
Bf4 61. Ne1 Bd6 62. Nc2 e5 63. Ne3 Ke6 64. Nf5 Bb8 65. Ng7+ Kf6 66. Nf5 Ke6 67.
Kc3 Ba7 68. Kd3 Bxd4 69. f3 Bb2 70. Ng7+ Kd7 71. Nf5 Bc1 72. Nh6 Bf4 73. Nf5 Kc6
74. Ne7+ Kc5 75. Nf5 Bh2 76. Ne7 Bf4 77. Nf5 Bc1 78. Ne7 Ba3 79. Nf5 Kc6 80. Nh6
Bc1 81. Nf5 Kd7 82. Kc2 Ba3 83. Kd3 Bf8 84. Ne3 Kc6 85. Nf5 Kc5 86. Ne3 Be7 87.
Nf5 Bd6 88. Ng7 Be7 89. Nf5 Bf8 90. Ne3 Kc6 91. Nd1 Ba3 92. Ne3 Bc1 93. Nf5 Kc5
94. Kc2 Bf4 95. Kd3 Bg3 96. Ng7 Bf4 97. Ne6+ Kd6 98. Ng7 Kc6 99. Ne6 Kd6 100.
Ng7 Bc1 101. Nf5+ Kc5 102. Ng7 Kb4 103. Ne8 Kb3 104. Nf6 d4 105. Ne4 Bf4 106.
Nc5+ Kb2 107. Ke2 Kc3 108. Nd3 Kc4 109. Nb2+ Kc3 110. Nd3 Bh2 111. Nc5 Bg1 112.
Nd3 Bh2 113. Nc5 Kc4 114. Nd3 Bg3 115. Nb2+ Kb3 116. Nd3 Kc3 117. Nc5 Kc4 118.
Nd3 Kd5 119. Nb4+ 1/2-1/2

[Event "ch-RUS Rapid"]
[Site "Olginka RUS"]
[Date "2011.04.26"]
[Round "7"]
[White "Savchenko, Boris"]
[Black "Smirnov, Pavel"]
[Result "1-0"]
[WhiteTitle "GM"]
[BlackTitle "GM"]
[WhiteElo "2616"]
[BlackElo "2539"]
[WhiteFideId "4147332"]
[BlackFideId "4123425"]
[EventDate "2011.04.25"]

1. e4 e5 2. Nf3 Nc6 3. Bb5 Nf6 4. d4 exd4 5. O-O a6 6. Ba4 Be7 7. Re1 b5 8. Bb3
d6 9. c3 dxc3 10. Nxc3 O-O 11. Nd5 Nxd5 12. exd5 Ne5 13. Nxe5 dxe5 14. Rxe5 Bd6
15. Bf4 Qf6 16. Qd4 Bf5 17. Rae1 a5 18. h3 a4 19. Bd1 Rad8 20. Qc3 Bxe5 21. Bxe5
Qg6 22. Bf3 Bxh3 23. Bxc7 Rde8 24. Re5 Bd7 25. a3 Rxe5 26. Bxe5 Rc8 27. Qe3 Qb1+
28. Kh2 Qc1 29. Qb6 Qg5 30. Bc3 Qh6+ 31. Qxh6 gxh6 32. Kg3 Rc4 33. Be2 Rc5 34.
Bf3 Rc4 35. Be2 Rc5 36. Bf3 Rc4 37. Be2 Rc5 38. Bf3 Rc4 39. Bh5 Kf8 40. Be2 Re4
41. Bf3 Rc4 42. Be2 Re4 43. Kf3 Rg4 44. Bxb5 Bf5 45. d6 Rg8 46. Bf6 Rg6 47. Be7+
Kg7 1-0

[Event "ch-RUS Rapid"]
[Site "Olginka RUS"]
[Date "2011.04.26"]
[Round "8"]
[White "Andreikin, Dmitry"]
[Black "Tomashevsky, Evgeny"]
[Result "0-1"]
[WhiteTitle "GM"]
[BlackTitle "GM"]
[WhiteElo "2686"]
[BlackElo "2707"]
[WhiteFideId "4158814"]
[BlackFideId "4147235"]
[EventDate "2011.04.25"]

1. c4 e5 2. Nc3 Nf6 3. Nf3 Nc6 4. e4 Bb4 5. d3 d6 6. a3 Bxc3+ 7. bxc3 O-O 8. g3
Ne7 9. Bg2 Ng6 10. O-O c6 11. Re1 Re8 12. Nd2 d5 13. cxd5 cxd5 14. exd5 Nxd5 15.
c4 Nf6 16. Ne4 h6 17. Bb2 Bf5 18. Nxf6+ Qxf6 19. d4 Qb6 20. Qd2 Red8 21. Qb4
exd4 22. c5 Qxb4 23. axb4 Rab8 24. Rxa7 d3 25. Bc3 d2 26. Rd1 Rd3 27. Ra3 Re8
28. Kf1 Ne5 29. Bxe5 Rxa3 30. f4 f6 31. Bd5+ Be6 32. Bb2 Rd3 33. Be4 Bh3+ 34.
Ke2 Rdd8 35. Kf3 Rxe4 0-1

[Event "ch-RUS Rapid"]
[Site "Olginka RUS"]
[Date "2011.04.26"]
[Round "8"]
[White "Khismatullin, Denis"]
[Black "Romanov, Evgeny"]
[Result "1/2-1/2"]
[WhiteTitle "GM"]
[BlackTitle "GM"]
[WhiteElo "2662"]
[BlackElo "2624"]
[WhiteFideId "4142578"]
[BlackFideId "4148843"]
[EventDate "2011.04.25"]

1. d4 d5 2. c4 c6 3. Nc3 Nf6 4. e3 a6 5. Qc2 g6 6. Bd3 Bg7 7. Nf3 O-O 8. O-O
dxc4 9. Bxc4 Bf5 10. e4 Bg4 11. e5 Nd5 12. Qe4 Bxf3 13. Qxf3 Nc7 14. Rd1 Nd7 15.
Bb3 Nb6 16. h4 Nbd5 17. h5 Qd7 18. Ne4 Ne6 19. Rd3 Rad8 20. Bd2 Ndc7 21. hxg6
hxg6 22. Ba5 Rc8 23. Bxc7 Rxc7 24. Rad1 Qc8 25. Qg4 Rd8 26. Bxe6 Qxe6 27. Qxe6
fxe6 28. Nc5 Rd5 29. Nxe6 Rcd7 30. Nf4 Rb5 31. b3 g5 32. Ne6 Rbd5 33. Nc5 Rc7
34. Ne4 c5 35. dxc5 Rxe5 36. f3 g4 37. Rd7 Rc6 38. Rxb7 Rh6 39. Rb6 gxf3 40.
gxf3 Rxb6 41. cxb6 Rb5 42. Rd7 Rxb6 43. Rxe7 Rc6 44. Rd7 Bh6 45. a4 Bf4 46. Kg2
Rb6 47. Rd3 Kf7 48. Kh3 Ke6 49. Kg4 Ke5 50. Rc3 Rg6+ 51. Kh3 Kf5 52. Rc5+ Be5
53. b4 Kf4 54. b5 axb5 55. axb5 Kxf3 56. Nd2+ Ke3 57. Nc4+ Kd4 58. Rxe5 Kxc4 1/2-1/2

[Event "ch-RUS Rapid"]
[Site "Olginka RUS"]
[Date "2011.04.26"]
[Round "8"]
[White "Matlakov, Maxim"]
[Black "Bocharov, Dmitry"]
[Result "0-1"]
[WhiteTitle "GM"]
[BlackTitle "GM"]
[WhiteElo "2625"]
[BlackElo "2595"]
[WhiteFideId "4168003"]
[BlackFideId "4138716"]
[EventDate "2011.04.25"]

1. d4 Nf6 2. c4 e6 3. g3 d5 4. Bg2 Bb4+ 5. Bd2 Be7 6. Nf3 O-O 7. O-O c6 8. Qc2
Nbd7 9. Rd1 b6 10. Bf4 Bb7 11. Ne5 Nxe5 12. dxe5 Nd7 13. cxd5 cxd5 14. e4 Rc8
15. Nc3 d4 16. Rxd4 Qc7 17. Rad1 Nxe5 18. Qa4 Bf6 19. Nb5 Qc5 20. Nd6 Bc6 21.
Qb3 Rcd8 22. R4d2 Qa5 23. Qc2 Ba8 24. b3 h6 25. h3 Qb4 26. Bxe5 Bxe5 27. Nc4 Rc8
28. Qd3 Bc3 29. Rc2 Bf6 30. Qe2 b5 31. e5 bxc4 32. exf6 cxb3 33. Rxc8 Rxc8 34.
Bxa8 Rxa8 35. axb3 Qxb3 36. fxg7 a5 37. Rd7 Qb1+ 38. Kg2 Qf5 39. Qd2 Kxg7 40.
Rd4 a4 41. Rg4+ Kh7 42. Rf4 Qd5+ 43. Qxd5 exd5 44. Rxf7+ Kg6 45. Rc7 a3 46. Rc1
a2 47. Ra1 Kf5 48. Kf3 Ra3+ 49. Ke2 Ke4 50. f3+ Rxf3 51. Rxa2 Rxg3 52. Ra4+ d4
53. h4 Rh3 54. Ra8 Rh2+ 55. Ke1 Rxh4 56. Re8+ Kd3 0-1

[Event "ch-RUS Rapid"]
[Site "Olginka RUS"]
[Date "2011.04.26"]
[Round "8"]
[White "Riazantsev, Alexander"]
[Black "Frolyanov, Dmitry"]
[Result "1-0"]
[WhiteTitle "GM"]
[BlackTitle "GM"]
[WhiteElo "2679"]
[BlackElo "2610"]
[WhiteFideId "4125029"]
[BlackFideId "4151976"]
[EventDate "2011.04.25"]

1. d4 d5 2. c4 e6 3. Nf3 Nf6 4. Nc3 dxc4 5. e4 Bb4 6. Bxc4 Nxe4 7. O-O Nxc3 8.
bxc3 Be7 9. Ne5 O-O 10. Qg4 Nc6 11. Re1 Bf6 12. Bb3 Ne7 13. Ba3 Bd7 14. Rad1 a5
15. Nxd7 Qxd7 16. d5 Kh8 17. dxe6 Qc8 18. Qh5 fxe6 19. Bxe7 Bxe7 20. Bc2 h6 21.
Qg6 Kg8 22. Qh7+ Kf7 23. Bg6+ Kf6 24. Ra1 1-0

[Event "ch-RUS Rapid"]
[Site "Olginka RUS"]
[Date "2011.04.26"]
[Round "8"]
[White "Maletin, Pavel"]
[Black "Savchenko, Boris"]
[Result "0-1"]
[WhiteTitle "GM"]
[BlackTitle "GM"]
[WhiteElo "2584"]
[BlackElo "2616"]
[WhiteFideId "4146786"]
[BlackFideId "4147332"]
[EventDate "2011.04.25"]

1. d4 Nf6 2. Nf3 e6 3. c4 c5 4. g3 a6 5. Bg2 b5 6. d5 Bb7 7. Nc3 b4 8. Na4 exd5
9. Nh4 d6 10. O-O g6 11. cxd5 Nbd7 12. b3 Bg7 13. Nb2 O-O 14. Rb1 Nb6 15. e4 a5
16. Nc4 Nxc4 17. bxc4 Ba6 18. Qc2 Nd7 19. Rd1 Nb6 20. Bf1 Qe8 21. Bf4 Rd8 22.
Bg5 Rd7 23. Ng2 Qe5 24. Bc1 Qc3 25. Qxc3 Bxc3 26. Ne3 Re7 27. Bd3 Rfe8 28. Bd2
Bxd2 29. Rxd2 Rxe4 30. Bxe4 Rxe4 31. Rc1 Nxc4 32. Nxc4 Rxc4 33. Rxc4 Bxc4 34. f4
a4 35. Kf2 Kg7 36. Ke1 Bxa2 37. Rxa2 b3 38. Rb2 c4 0-1

[Event "ch-RUS Rapid"]
[Site "Olginka RUS"]
[Date "2011.04.26"]
[Round "8"]
[White "Smagin, Sergey"]
[Black "Tregubov, Pavel V."]
[Result "1-0"]
[WhiteTitle "GM"]
[BlackTitle "GM"]
[WhiteElo "2551"]
[BlackElo "2598"]
[WhiteFideId "4100425"]
[BlackFideId "4115341"]
[EventDate "2011.04.25"]

1. e4 c5 2. c3 d6 3. d4 Nf6 4. Bd3 g6 5. Nf3 Bg7 6. O-O O-O 7. Re1 Bg4 8. Nbd2
cxd4 9. cxd4 Nc6 10. h3 Bd7 11. d5 Nb4 12. Bb1 Rc8 13. a3 Na6 14. Ra2 Nc5 15. b3
a5 16. Bb2 Bb5 17. Nd4 Bd3 18. Ba1 Bxb1 19. Qxb1 Nfd7 20. N4f3 Bxa1 21. Rxa1 Qb6
22. Re3 Rc7 23. e5 Nxe5 24. Nxe5 dxe5 25. Nc4 Qf6 26. Nxe5 Rd8 27. b4 Na4 28.
Qb3 Nc3 29. Nxf7 Ne2+ 30. Rxe2 Qxa1+ 31. Kh2 Rc3 32. Nh6+ Kg7 33. Qa4 Qxa3 34.
Qd1 Qxb4 35. Ng4 Qd6+ 36. g3 Qxd5 37. Rxe7+ Kf8 38. Qe2 Rc1 39. Re4 Qd1 40. Rf4+ 1-0

[Event "ch-RUS Rapid"]
[Site "Olginka RUS"]
[Date "2011.04.26"]
[Round "8"]
[White "Panarin, Mikhail"]
[Black "Alekseev, Evgeny"]
[Result "0-1"]
[WhiteTitle "GM"]
[BlackTitle "GM"]
[WhiteElo "2526"]
[BlackElo "2688"]
[WhiteFideId "4153251"]
[BlackFideId "4138147"]
[EventDate "2011.04.25"]

1. e4 e5 2. Nf3 Nc6 3. d4 exd4 4. Nxd4 Nf6 5. Nxc6 bxc6 6. e5 Qe7 7. Qe2 Nd5 8.
c4 Nb6 9. Nc3 Bb7 10. b3 g6 11. Bb2 Bg7 12. Ne4 O-O-O 13. f4 c5 14. O-O-O d6 15.
Nf6 dxe5 16. fxe5 Rxd1+ 17. Qxd1 Rd8 18. Qe2 Kb8 19. Bc3 Nd7 20. Rg1 Bxf6 0-1

[Event "ch-RUS Rapid"]
[Site "Olginka RUS"]
[Date "2011.04.26"]
[Round "8"]
[White "Gabrielian, Artur"]
[Black "Grachev, Boris"]
[Result "0-1"]
[WhiteTitle "GM"]
[BlackTitle "GM"]
[WhiteElo "2532"]
[BlackElo "2675"]
[WhiteFideId "4131002"]
[BlackFideId "4129199"]
[EventDate "2011.04.25"]

1. d4 d5 2. c4 e6 3. Nc3 a6 4. e4 dxe4 5. Nxe4 Bb4+ 6. Nc3 c5 7. a3 Ba5 8. dxc5
Bxc3+ 9. bxc3 Qxd1+ 10. Kxd1 Nf6 11. Be3 Ng4 12. Nf3 Nxe3+ 13. fxe3 Nd7 14. c6
bxc6 15. Rb1 Ke7 16. Kc2 Ra7 17. Bd3 Rc7 18. Rhf1 h6 19. Nd4 c5 20. Nf3 Bb7 21.
a4 a5 22. Rb5 Ra8 23. Rxb7 Rxb7 24. Be4 Rab8 25. Bxb7 Rxb7 26. Nd2 Ne5 27. h3 f5
28. Rb1 Rxb1 29. Kxb1 Kd6 30. Kc2 g5 31. Kd1 Nd3 32. Ke2 Nb2 33. g4 Nxa4 34.
gxf5 exf5 35. Nb3 Nxc3+ 36. Kd3 a4 0-1

[Event "ch-RUS Rapid"]
[Site "Olginka RUS"]
[Date "2011.04.26"]
[Round "8"]
[White "Kokarev, Dmitry"]
[Black "Pridorozhni, Aleksei"]
[Result "0-1"]
[WhiteTitle "GM"]
[BlackTitle "GM"]
[WhiteElo "2576"]
[BlackElo "2542"]
[WhiteFideId "4132181"]
[BlackFideId "4127870"]
[EventDate "2011.04.25"]

1. e4 a6 2. d4 b5 3. Nf3 Bb7 4. Bd3 e6 5. O-O Nf6 6. Re1 d5 7. e5 Nfd7 8. Nbd2
c5 9. c3 Nc6 10. dxc5 Nxc5 11. Nb3 Nxb3 12. axb3 b4 13. Qe2 Bc5 14. Bf4 Qb6 15.
Rec1 h6 16. h4 a5 17. Rc2 Ke7 18. Nh2 bxc3 19. bxc3 d4 20. Rac1 Ba3 21. Ra1 Bc5
22. Rac1 Ba3 23. Ra1 Bc5 24. Qg4 Rhg8 25. Bh7 dxc3 26. Bxg8 Rxg8 27. Rxc3 Bxf2+
28. Kh1 Bd4 29. Rac1 Bxc3 30. Rxc3 Qb4 31. Rc1 Rd8 32. Nf3 Kf8 33. Qg3 Qxb3 34.
Kh2 Ne7 35. Rc7 Bxf3 0-1

[Event "ch-RUS Rapid"]
[Site "Olginka RUS"]
[Date "2011.04.26"]
[Round "9"]
[White "Nepomniachtchi, Ian"]
[Black "Najer, Evgeniy"]
[Result "1-0"]
[WhiteTitle "GM"]
[BlackTitle "GM"]
[WhiteElo "2729"]
[BlackElo "2638"]
[WhiteFideId "4168119"]
[BlackFideId "4118987"]
[EventDate "2011.04.25"]

1. e4 e5 2. Nf3 Nc6 3. d4 exd4 4. Nxd4 Bb4+ 5. c3 Bc5 6. Be3 Bb6 7. Qg4 Nf6 8.
Qxg7 Rg8 9. Qh6 d5 10. Nxc6 bxc6 11. e5 Rg6 12. Qh4 Bxe3 13. fxe3 Ng4 14. Qxd8+
Kxd8 15. Kd2 Rb8 16. b3 Nxe5 17. c4 dxc4 18. Kc3 cxb3 19. axb3 Ng4 20. Bd3 Rg5
21. Re1 Nxh2 22. Nd2 Rxg2 23. Be4 Rg3 24. Nc4 Ng4 25. Rxa7 Be6 26. Na5 Kc8 27.
Nxc6 Nf6 28. Bh1 Rxb3+ 29. Kc2 Nd7 30. Ra8+ Nb8 31. Rd1 1-0

[Event "ch-RUS Rapid"]
[Site "Olginka RUS"]
[Date "2011.04.26"]
[Round "9"]
[White "Bocharov, Dmitry"]
[Black "Vitiugov, Nikita"]
[Result "0-1"]
[WhiteTitle "GM"]
[BlackTitle "GM"]
[WhiteElo "2595"]
[BlackElo "2720"]
[WhiteFideId "4138716"]
[BlackFideId "4152956"]
[EventDate "2011.04.25"]

1. d4 Nf6 2. c4 e6 3. Nc3 Bb4 4. Qc2 O-O 5. a3 Bxc3+ 6. Qxc3 Ne4 7. Qc2 f5 8.
Nh3 d6 9. f3 Nf6 10. e3 e5 11. dxe5 dxe5 12. Nf2 Nc6 13. Bd3 e4 14. fxe4 Ne5 15.
Be2 fxe4 16. O-O Bf5 17. Bd2 Nf3+ 18. Bxf3 exf3 19. Qxf5 Qxd2 20. Qxf3 Qxb2 21.
Rfb1 Qc3 22. Rc1 Qe5 23. Rab1 b6 24. c5 Rae8 25. cxb6 cxb6 26. Rb3 Nd5 27. Qe2
Qe6 28. e4 Nf4 29. Qc4 Nd3 0-1

[Event "ch-RUS Rapid"]
[Site "Olginka RUS"]
[Date "2011.04.26"]
[Round "9"]
[White "Inarkiev, Ernesto"]
[Black "Riazantsev, Alexander"]
[Result "0-1"]
[WhiteTitle "GM"]
[BlackTitle "GM"]
[WhiteElo "2674"]
[BlackElo "2679"]
[WhiteFideId "4162722"]
[BlackFideId "4125029"]
[EventDate "2011.04.25"]

1. e4 c6 2. d4 d5 3. e5 Bf5 4. Nf3 e6 5. Be2 Ne7 6. O-O c5 7. Na3 Nec6 8. c4
cxd4 9. cxd5 Bxa3 10. Nxd4 Nxd4 11. Qxd4 O-O 12. bxa3 Nc6 13. Qc5 Qxd5 14. Qxd5
exd5 15. Bb2 d4 16. Rfd1 Rad8 17. g4 d3 18. Bf1 Be4 19. h3 Rd5 20. f3 Bxf3 21.
Rxd3 Rxd3 22. Bxd3 Rd8 23. Bc4 Rd2 24. Rf1 Rg2+ 25. Kh1 Rxg4+ 26. Rxf3 Rxc4 27.
Bc3 Kf8 28. Kg2 Ke7 29. Re3 Ke6 30. Kf3 Ne7 31. Rd3 Nd5 32. Bb2 Rh4 33. Kf2 Rc4
34. Rb3 b6 35. Kf3 Rf4+ 36. Ke2 Rh4 37. Kf2 Rc4 38. Kf3 h5 39. Rd3 Rf4+ 40. Kg2
Rc4 41. Kf3 Rh4 42. Kf2 Re4 43. Kf3 Rc4 44. Rd2 g5 45. Rd3 Rc2 46. Rb3 Kf5 47.
Rb5 Ke6 48. Rb3 Rc4 49. Rd3 Rf4+ 50. Kg2 Rc4 51. Kf3 a5 52. Rb3 Rc2 53. Rb5 Rc5
54. Rb3 a4 55. Rd3 Rc2 56. Bd4 Rxa2 57. Ke4 Re2+ 58. Kf3 Rh2 59. Ke4 Re2+ 60.
Kf3 Rc2 61. Ke4 Rc4 62. Rf3 b5 63. Rf1 Nf4 64. Rf2 h4 65. Rb2 Nxh3 66. Rxb5 Nf2+
67. Ke3 Ng4+ 68. Kd3 Rc6 69. Ke4 h3 70. Kf3 h2 71. Rb1 Nxe5+ 72. Kg3 Rc2 73. Rh1
Ra2 74. Bc5 f5 0-1

[Event "ch-RUS Rapid"]
[Site "Olginka RUS"]
[Date "2011.04.26"]
[Round "9"]
[White "Savchenko, Boris"]
[Black "Khismatullin, Denis"]
[Result "1/2-1/2"]
[WhiteTitle "GM"]
[BlackTitle "GM"]
[WhiteElo "2616"]
[BlackElo "2662"]
[WhiteFideId "4147332"]
[BlackFideId "4142578"]
[EventDate "2011.04.25"]

1. e4 c5 2. Nf3 d6 3. d4 cxd4 4. Qxd4 Nf6 5. Nc3 Nc6 6. Bb5 Nd7 7. Qc4 Nb6 8.
Qb3 e6 9. Be3 Be7 10. a4 Nd7 11. Qc4 O-O 12. Bxc6 bxc6 13. Qxc6 Rb8 14. O-O-O
Nb6 15. Ne5 Nd7 16. Nxd7 Bxd7 17. Qa6 Qc7 18. Rd3 Rfc8 19. Rhd1 h6 20. R1d2 Rb7
21. Rxd6 Rxb2 22. Rxd7 Qxc3 23. Rxe7 Rxc2+ 24. Kd1 Rxd2+ 25. Bxd2 Qc2+ 26. Ke1
Rd8 27. Qe2 Qb1+ 28. Qd1 Qxe4+ 29. Qe2 Qxg2 30. Qe3 Qg1+ 31. Ke2 Qg4+ 32. Ke1
Qg1+ 33. Ke2 Qg4+ 34. Kf1 Qxa4 35. Rxa7 Qb5+ 36. Ke1 Qb1+ 37. Ke2 Qb5+ 38. Ke1
Qb1+ 39. Ke2 Qb5+ 40. Ke1 Qb1+ 41. Ke2 Qb5+ 42. Ke1 Rd5 43. Qe4 Qb8 44. Be3 Rd8
45. Qb7 Qxb7 46. Rxb7 g5 47. f4 Rd5 48. Ke2 Kg7 49. Bd2 Kg6 50. Rb3 f6 51. Rh3
Rb5 52. Rg3 Kf5 53. fxg5 hxg5 54. Ra3 Rb2 55. Rd3 e5 56. Rd6 Ra2 57. Kf3 Ra3+
58. Be3 g4+ 59. Kf2 Ke4 60. Bc1 Ra2+ 61. Rd2 Ra5 62. Kg3 f5 63. Re2+ Kd3 64. Rf2
Ke4 65. Bb2 Rb5 66. Re2+ Kd3 67. Kf2 f4 68. Bxe5 g3+ 69. hxg3 fxg3+ 70. Bxg3
Rf5+ 71. Ke1 Rf3 72. Ra2 Ke4 73. Ra4+ Kd5 74. Bf4 Rd3 75. Ke2 Rd4 76. Ra5+ Ke4
77. Bd2 Rd5 78. Ra7 Rb5 79. Bc3 Rc5 80. Re7+ Kd5 81. Kd3 Rc8 82. Re5+ Kd6 83.
Ra5 Rg8 84. Be5+ Kc6 85. Kc4 Re8 86. Rc5+ Kd7 87. Kd5 Re7 88. Rb5 Ke8 89. Bf6
Rd7+ 90. Ke5 Ra7 91. Rb6 Kd7 92. Rd6+ Ke8 93. Bg5 Kf7 94. Bd8 Ke8 95. Bh4 Kf7
96. Rf6+ Ke8 97. Rb6 Kf7 98. Bf6 Ra5+ 99. Kf4 Ke8 100. Be5 Kd7 101. Kf5 Ra7 102.
Rd6+ Ke8 103. Re6+ Re7 104. Rh6 Kd7 105. Rd6+ Ke8 106. Bf6 Rd7 107. Rc6 Kf7 108.
Rc4 Rd5+ 109. Be5 Rd7 110. Rh4 Ke8 111. Rh8+ Kf7 112. Rh7+ Ke8 113. Rxd7 1/2-1/2

[Event "ch-RUS Rapid"]
[Site "Olginka RUS"]
[Date "2011.04.26"]
[Round "9"]
[White "Sjugirov, Sanan"]
[Black "Smagin, Sergey"]
[Result "1-0"]
[WhiteTitle "GM"]
[BlackTitle "GM"]
[WhiteElo "2643"]
[BlackElo "2551"]
[WhiteFideId "4189302"]
[BlackFideId "4100425"]
[EventDate "2011.04.25"]

1. e4 d5 2. exd5 Nf6 3. Nf3 Nxd5 4. d4 g6 5. c4 Nb6 6. Nc3 Bg7 7. c5 Nd5 8. Bc4
c6 9. O-O O-O 10. Qb3 Nxc3 11. bxc3 b5 12. Bd3 Be6 13. Qc2 Nd7 14. a4 a6 15. Bg5
Bd5 16. axb5 axb5 17. Rxa8 Qxa8 18. Bxe7 Re8 19. Bd6 Qa3 20. Nd2 h5 21. h3 g5
22. Bh7+ Kh8 23. Bf5 Nf6 24. Be5 Ng8 25. Bxg7+ Kxg7 26. Ne4 Bxe4 27. Bxe4 Re6
28. Bf3 Nf6 29. Qf5 Qxc3 30. Qxg5+ Kf8 31. Qh6+ Ke7 32. Qf4 b4 33. Qc7+ Kf8 34.
Bxc6 Qxd4 35. Bf3 Kg7 36. c6 Ne4 37. Qf4 Qd2 38. Qf5 Nd6 39. Qb1 Nb5 40. Rd1 Qf4
41. Qd3 Nc3 42. Qd4+ Qxd4 43. Rxd4 Rxc6 44. Rxb4 Rc5 45. Rh4 Kg6 46. Rd4 Re5 47.
Kh2 Nb5 48. Rb4 Nc7 49. Be4+ Kg7 50. Bf3 Ne6 51. h4 Kg6 52. Ra4 Rc5 53. Ra8 Kg7
54. Ra4 Kg6 55. g3 Kg7 56. Kg2 Kg6 57. Ra7 Kg7 58. Rd7 Nf8 59. Rd6 Ne6 60. Bd5
Kf6 61. Bxe6 fxe6 62. Rd8 e5 63. Rd6+ Kf7 64. Kf3 Rc3+ 65. Ke4 Rc2 66. Ke3 Rc3+
67. Kd2 Ra3 68. Rh6 Rf3 69. Rxh5 Rxf2+ 70. Ke3 Rf1 71. Rxe5 Kg6 72. Rg5+ Kh6 73.
Ke2 Rf6 74. Rg4 Kh5 75. Rf4 Ra6 76. Kf3 Ra3+ 77. Kg2 Ra1 78. Rf5+ Kh6 79. Rb5
Rc1 80. Kh3 Rc4 81. h5 Ra4 82. g4 Ra1 83. Rb6+ Kg5 84. Rg6+ Kf4 85. h6 Rh1+ 86.
Kg2 Ra1 87. h7 Ra2+ 88. Kh3 Ra1 89. Rg7 Rh1+ 90. Kg2 Rh4 91. g5 1-0

[Event "ch-RUS Rapid"]
[Site "Olginka RUS"]
[Date "2011.04.26"]
[Round "9"]
[White "Grachev, Boris"]
[Black "Popov, Ivan RUS"]
[Result "1-0"]
[WhiteTitle "GM"]
[BlackTitle "GM"]
[WhiteElo "2675"]
[BlackElo "2613"]
[WhiteFideId "4129199"]
[BlackFideId "4170350"]
[EventDate "2011.04.25"]

1. d4 c5 2. d5 g6 3. c4 Bg7 4. Nf3 d6 5. g3 Bg4 6. Nfd2 Qc8 7. h3 Bd7 8. Bg2 Nf6
9. Nc3 O-O 10. g4 Na6 11. O-O h5 12. f3 hxg4 13. hxg4 Nc7 14. a4 e6 15. Nde4
Nxe4 16. Nxe4 Bd4+ 17. e3 Be5 18. g5 exd5 19. cxd5 Bh3 20. f4 Bxg2 21. Kxg2 Bg7
22. f5 gxf5 23. Nf6+ Bxf6 24. gxf6 1-0

[Event "ch-RUS Rapid"]
[Site "Olginka RUS"]
[Date "2011.04.26"]
[Round "9"]
[White "Alekseev, Evgeny"]
[Black "Danin, Alexandre"]
[Result "0-1"]
[WhiteTitle "GM"]
[BlackTitle "IM"]
[WhiteElo "2688"]
[BlackElo "2543"]
[WhiteFideId "4138147"]
[BlackFideId "4144031"]
[EventDate "2011.04.25"]

1. Nf3 Nf6 2. c4 c5 3. d4 cxd4 4. Nxd4 Nc6 5. Nc3 g6 6. e4 d6 7. Be2 Bg7 8. Nc2
Nd7 9. Bd2 O-O 10. O-O Nc5 11. f3 a5 12. Kh1 a4 13. Re1 f5 14. exf5 Bxf5 15. Bf1
Ne5 16. Nb4 Rf7 17. Ncd5 e6 18. Ne3 Bd3 19. Bc3 Bxf1 20. Rxf1 a3 21. f4 axb2 22.
Bxb2 Na4 23. Bd4 Nc6 24. Bxg7 Rxg7 25. Nxc6 bxc6 26. Qd4 Qb6 27. Qd2 Qa7 28. Ng4
d5 29. cxd5 cxd5 30. Rac1 Nc5 31. Nf6+ Kf7 32. Qc3 Qe7 33. Ng4 Ne4 34. Qe5 Kg8
35. Rc6 Re8 36. Rfc1 h5 37. Rc7 Qf8 38. Ne3 Nf2+ 39. Kg1 Nd3 40. Rxg7+ Qxg7 41.
Qxg7+ Kxg7 42. Rc7+ Kf6 43. g3 Rb8 44. a4 Rb1+ 45. Kg2 Rb2+ 46. Kg1 Ra2 47. Ra7
d4 48. Nc4 Kf5 49. a5 Ke4 50. Rf7 Kf3 51. Ne5+ Nxe5 52. fxe5+ Ke3 0-1

[Event "ch-RUS Rapid"]
[Site "Olginka RUS"]
[Date "2011.04.26"]
[Round "9"]
[White "Pridorozhni, Aleksei"]
[Black "Matlakov, Maxim"]
[Result "0-1"]
[WhiteTitle "GM"]
[BlackTitle "GM"]
[WhiteElo "2542"]
[BlackElo "2625"]
[WhiteFideId "4127870"]
[BlackFideId "4168003"]
[EventDate "2011.04.25"]

1. e4 c5 2. Nf3 e6 3. c4 Nc6 4. Nc3 Nge7 5. Be2 Nd4 6. O-O Nec6 7. d3 Be7 8. Be3
O-O 9. Nd2 a6 10. f4 d6 11. Nf3 Rb8 12. Qd2 b5 13. b3 b4 14. Nd1 Bf6 15. Rb1 Bb7
16. Kh1 0-1

[Event "ch-RUS Rapid"]
[Site "Olginka RUS"]
[Date "2011.04.26"]
[Round "9"]
[White "Lushenkov, Mikhail"]
[Black "Popov, Valerij"]
[Result "1/2-1/2"]
[WhiteTitle "IM"]
[BlackTitle "GM"]
[WhiteElo "2441"]
[BlackElo "2565"]
[WhiteFideId "4162129"]
[BlackFideId "4119410"]
[EventDate "2011.04.25"]

1. Nf3 d5 2. e3 Nf6 3. c4 e6 4. b3 b6 5. g3 Bb7 6. Bg2 dxc4 7. bxc4 Be7 8. O-O
O-O 9. Bb2 c5 10. Qe2 Nc6 11. Rd1 Qc7 12. Nc3 Rac8 13. d3 Rfd8 14. Ne1 Rd7 15.
f4 Rcd8 16. Rd2 Na5 17. Rad1 Bxg2 18. Qxg2 Qc6 19. Nf3 Bd6 20. g4 Ne8 21. f5 Bb8
22. Ne2 exf5 23. gxf5 Qh6 24. Kf2 Re7 25. e4 Red7 26. Bc3 Nc6 27. h4 f6 28. Qg4
a6 29. a4 Bc7 30. h5 a5 31. d4 cxd4 32. Nexd4 Ne5 33. Nxe5 fxe5 34. Nf3 Nf6 35.
Qh4 Rxd2+ 36. Rxd2 Rxd2+ 37. Bxd2 Qxh5 38. Qxh5 Nxh5 39. Be3 Nf6 40. Nd2 Ng4+
41. Kf3 Nxe3 42. Kxe3 Bd6 43. Kf3 Kf7 44. Kg4 Ke8 45. Kh5 Kd7 46. Nb3 Be7 47.
Nd2 Kd6 48. Nb3 Kc6 49. Kg4 Kd7 50. Kh5 Bb4 51. Nc1 Ke7 52. Nd3 Bd6 53. Kg5 Kf7
54. Kh5 Kf6 55. Nf2 Ke7 56. Nd3 Kd7 57. Kg5 Ke8 58. Kh5 Ke7 59. Kg5 Kf7 60. Kh5
Kf6 61. Nf2 Bb8 62. Ng4+ Ke7 63. Nf2 Bc7 64. Kg5 Bd8 65. Kh5 Bc7 66. Kg5 Bd6 67.
Nd3 Kf7 68. Kh5 Bc7 69. Kg5 Bd8+ 70. Kh5 Bf6 71. Ne1 Bd8 72. Nd3 Bc7 73. Kg5 Bd6
74. Kh5 Ke7 75. Kg5 Kd7 76. Kh5 Bc7 77. Kg5 Kd6 78. Kh5 Bd8 79. Kg4 Bc7 80. Kh5
Ke7 81. Kg5 Bd8 82. Kh5 Kf6 83. Nf2 Kf7 84. Nd3 Bf6 85. Nf2 Be7 86. Nd3 Kf6 87.
Nf2 Bd6 88. Ng4+ Ke7 89. Nf2 Bb4 90. Nd3 Bc3 91. Kg5 Bd2+ 92. Kh5 Kf6 93. Nf2
Bf4 94. Ng4+ Ke7 95. Nf2 Be3 96. Nd3 Kf6 97. Ne1 Bd2 98. Nd3 Bf4 99. Nf2 Ke7
100. Nd3 Kd6 101. Kg4 Be3 102. Kh5 Bd4 103. Kg5 Ke7 104. Kh5 Kf6 105. Ne1 Bf2
106. Nd3 1/2-1/2